00330nam a2200109Ia 4500008004100000082001600041100002000057245007700077260004100154300001000195600001500205250604s9999 xx 000 0 und d a891.439 YAS aYasmeen, Samina 0aRooh Tujhse Kalaam Karti Hai (روح تجھ سے کلام کرتی ہے) aLahore:bInheraf Publications,c2017 a128p. aLiterature